Наука сквозь призму истории и современности; Современные техника и технологии; Т. 3

Bibliographic Details
Parent link:Современные техника и технологии: 14 Международная научно-практическая конференция студентов, аспирантов и молодых ученых, г. Томск, 24-28 марта 2008 г./ Томский политехнический университет (ТПУ).— , 2008
Т. 3.— 2008.— С. 572-574
Main Author: Демьянченко А. А.
Other Authors: Чеховских К. А. Константин Анатольевич (научный руководитель), Чеховских К. А.
Language:Russian
Published: 2008
Subjects:
Format: MixedMaterials Book Chapter
KOHA link:https://koha.lib.tpu.ru/cgi-bin/koha/opac-detail.pl?biblionumber=153637

MARC

LEADER 00000naa2a2200000 4500
001 153637
005 20231101221715.0
035 |a (RuTPU)RU\TPU\book\166673 
090 |a 153637 
100 |a 20090213d2008 k y0rusy50 ca 
101 0 |a rus 
102 |a RU 
200 1 |a Наука сквозь призму истории и современности  |f А. А. Демьянченко, К. А. Чеховских  |g науч. рук. К. А. Чеховских 
320 |a Библиогр.: 1 назв. 
461 1 |0 (RuTPU)RU\TPU\book\156858  |t Современные техника и технологии  |o 14 Международная научно-практическая конференция студентов, аспирантов и молодых ученых, г. Томск, 24-28 марта 2008 г.  |o труды  |o в 3 т.  |f Томский политехнический университет (ТПУ)  |d 2008 
463 0 |0 (RuTPU)RU\TPU\book\155178  |t Т. 3  |v С. 572-574  |d 2008  |p 621 с. 
610 1 |a наука 
610 1 |a история 
610 1 |a современность 
610 1 |a политические воззрения 
610 1 |a средневековая Европа 
610 1 |a Европа 
610 1 |a вселенские отщепенцы 
610 1 |a феодалы 
610 1 |a научное сознание 
610 1 |a средневековье 
610 1 |a средние века 
610 1 |a труды учёных ТПУ 
700 1 |a Демьянченко  |b А. А. 
701 1 |a Чеховских  |b К. А.  |c историк  |c доцент Юргинского технологического института Томского политехнического университета, кандидат исторических наук  |f 1960-  |g Константин Анатольевич  |2 stltpush  |3 (RuTPU)RU\TPU\pers\25567  |9 11497 
702 1 |a Чеховских  |b К. А.  |4 727 
801 1 |a RU  |b 63413507  |c 20090213  |g PSBO 
801 2 |a RU  |b 63413507  |c 20160927  |g RCR 
942 |c BK